000
00288 a2200109 4500
005
20260420121120.0
020
_a
9781529601411
100
_a
Bates Bob
245
_a
Learning Theories Simplified : and how to apply them to teaching
250
_a
3 rd edition
260
_b
SAGE : London
_c
2023
999
_c
216628
_d
216628